Statistics for Famous People from Wisconsin

Click here to take the quiz!

General Stats

  • This quiz has been taken 5,720 times
  • The average score is 10 of 20

Answer Stats

ClueHometownAnswer% Correct
Hungarian-born escape artist who grew up in WisconsinAppletonHarry Houdini
87%
Doll with unrealistic bodily proportionsWillowsBarbie
78%
"Blue Ribbon" beer makerMilwaukeeFrederick Pabst
73%
Cannibalistic serial killerWest AllisJeffrey Dahmer
67%
Legendary lumberjack-Paul Bunyan
66%
U.S. Senator known for the "Red Scare"AppletonJoseph McCarthy
64%
Flamboyant pianistWest AllisLiberace
63%
"Tommy Boy" actor who overdosed in 1997MadisonChris Farley
61%
Guggenheim architectMadisonFrank Lloyd Wright
59%
Electric guitar pioneerWaukeshaLes Paul
56%
Former Dallas Cowboys quarterbackBurlingtonTony Romo
52%
Female Prime Minister of IsraelMilwaukeeGolda Meir
50%
Painter of flowersSun PrairieGeorgia O'Keeffe
38%
Current governorPlymouthTony Evers
36%
Wisconsin Badgers mascotMadisonBucky Badger
34%
"Boogie Nights" and "Swingers" actressMilwaukeeHeather Graham
28%
Chief Justice of the U.S. Supreme Court, 1986-2005ShorewoodWilliam Rehnquist
23%
"Boys Town" and "Judgment at Nuremberg" actorMilwaukeeSpencer Tracy
21%
Former senator and campaign finance reformerJanesvilleRuss Feingold
18%
Progressive titan of the Senate, 1906-1925PrimroseRobert M. La Follette, Sr
15%

Score Distribution

Percentile by Number Answered

Percent of People with Each Score

Your Score History

You have not taken this quiz